[Event "Aragon-chT Preferente Gr-I"]
[Site "Aragon"]
[Date "2020.02.29"]
[Round "6.39"]
[White "Larios Herraiz, Enrique"]
[Black "Salas Latorre, Jose"]
[Result "1-0"]
[WhiteElo "2061"]
[BlackElo "1749"]
[PlyCount "29"]
[EventDate "2020.01.25"]
[EventType "team-tourn"]
[EventRounds "9"]
[EventCountry "ESP"]
[SourceTitle "EXT 2022"]
[Source "ChessBase"]
[SourceDate "2021.10.06"]
[SourceVersion "1"]
[SourceVersionDate "2021.10.06"]
[SourceQuality "1"]
[WhiteTeam "Actur Rey Fernando"]
[BlackTeam "Jaime Casas II"]
[WhiteTeamCountry "ESP"]
[BlackTeamCountry "ESP"]

1. d4 d5 2. Nf3 Nf6 3. e3 e6 4. Bd3 c5 5. b3 Nc6 6. Bb2 Be7 7. 0-0 0-0 8. Nbd2 b6 9. Ne5 g6 10. Qe1 Nh5 11. b4 Nxe5 12. Nf3 g5 13. Bc1 h6 14. h4 Nf4 15. Bg6 1-0

[Event "Aragon-chT Preferente Gr-II"]
[Site "Aragon"]
[Date "2019.02.09"]
[Round "3.64"]
[White "Javierre Conesa, Alfonso"]
[Black "Salas Latorre, Jose"]
[Result "0-1"]
[WhiteElo "1911"]
[BlackElo "1718"]
[PlyCount "66"]
[EventDate "2019.01.26"]
[EventType "team-tourn"]
[EventRounds "9"]
[EventCountry "ESP"]
[SourceTitle "EXT 2020"]
[Source "ChessBase"]
[SourceDate "2019.10.17"]
[SourceVersion "1"]
[SourceVersionDate "2019.10.17"]
[SourceQuality "1"]
[WhiteTeam "Las Fuentes"]
[BlackTeam "Jaime Casas II"]
[WhiteTeamCountry "ESP"]
[BlackTeamCountry "ESP"]

1. d4 d5 2. c4 e6 3. Nc3 Nf6 4. Nf3 Nbd7 5. Bf4 c6 6. e3 Be7 7. h3 b6 8. cxd5 exd5 9. Bd3 Bb7 10. 0-0 0-0 11. Rc1 c5 12. b3 a6 13. a4 Ne4 14. Bb1 Ndf6 15. dxc5 Bxc5 16. Ne2 Rc8 17. Nfd4 Bb4 18. Nc2 Bd2 19. Be5 Bxc1 20. Qxc1 Nc5 21. Qa3 Nfe4 22. Rd1 Qg5 23. Bf4 Qf6 24. Ncd4 Rfe8 25. b4 Ne6 26. Nxe6 Rxe6 27. Qd3 g6 28. Nd4 Ree8 29. Rf1 Rc4 30. Qa3 Rec8 31. Qb2 Qe7 32. Nc2 Nc3 33. a5 Nxb1 0-1

[Event "Huesca Province-ch"]
[Site "Sabinanigo"]
[Date "2016.11.05"]
[Round "4"]
[White "Arrieta Restrepo, Steven"]
[Black "Salas Latorre, Jose"]
[Result "1/2-1/2"]
[WhiteElo "1579"]
[BlackElo "1790"]
[PlyCount "118"]
[EventDate "2016.10.15"]
[EventType "swiss"]
[EventRounds "7"]
[EventCountry "ESP"]
[SourceTitle "EXT 2018"]
[Source "ChessBase"]
[SourceDate "2017.10.13"]
[SourceVersion "1"]
[SourceVersionDate "2017.10.13"]
[SourceQuality "1"]

1. d4 d5 2. Nf3 Nf6 3. e3 e6 4. c4 c6 5. Nc3 Nbd7 6. Bd3 Bd6 7. b3 0-0 8. 0-0 Qe7 9. c5 Bc7 10. b4 e5 11. Be2 a6 12. a4 e4 13. Ne1 Re8 14. Bd2 Nf8 15. g3 Bh3 16. Ng2 Qd7 17. b5 axb5 18. axb5 Bg4 19. Bxg4 Nxg4 20. Qe2 Nf6 21. Rxa8 Rxa8 22. b6 Qh3 23. f3 exf3 24. Qxf3 Bd8 25. Nf4 Qg4 26. Qxg4 Nxg4 27. h3 Nf6 28. Nd3 N6d7 29. Rb1 Ne6 30. Rb3 Bg5 31. Rb2 g6 32. Ra2 Rxa2 33. Nxa2 Nxd4 34. exd4 Bxd2 35. Kf2 Nf6 36. Ne5 Kf8 37. Ke2 Ba5 38. g4 Ke7 39. Nc1 Nd7 40. Nf3 f6 41. Nb3 Bb4 42. Ne1 Bxe1 43. Kxe1 Kd8 44. Ke2 Nf8 45. Ke3 Ne6 46. Nd2 Ke7 47. Nf3 g5 48. Kf2 Nf4 49. Kg3 Ke6 50. Kh2 h5 51. Kg3 h4+ 52. Kh2 Kf7 53. Ne1 Kg7 54. Nc2 Ne6 55. Kg2 Kg6 56. Kh2 f5 57. Kg2 f4 58. Kf3 Kf6 59. Kf2 Kg6 1/2-1/2

[Event "Aragon-chT Preferente B"]
[Site "Aragon"]
[Date "2016.02.13"]
[Round "3.56"]
[White "Salas Latorre, Jose"]
[Black "Vela Frago, Alberto"]
[Result "1-0"]
[WhiteElo "1772"]
[BlackElo "1504"]
[PlyCount "53"]
[EventDate "2016.01.30"]
[EventType "team-tourn"]
[EventRounds "9"]
[EventCountry "ESP"]
[SourceTitle "EXT 2018"]
[Source "ChessBase"]
[SourceDate "2017.10.13"]
[SourceVersion "1"]
[SourceVersionDate "2017.10.13"]
[SourceQuality "1"]
[WhiteTeam "Jaime Casas II"]
[BlackTeam "St Casablanca III"]
[WhiteTeamCountry "ESP"]
[BlackTeamCountry "ESP"]

1. c4 c5 2. e4 Nc6 3. Nf3 d6 4. Be2 g6 5. d4 cxd4 6. Nxd4 Bg7 7. Nxc6 bxc6 8. Nc3 Nf6 9. 0-0 0-0 10. Qc2 Bb7 11. Be3 Qc7 12. Rfd1 a6 13. Na4 c5 14. Nc3 e6 15. Bf4 Rfd8 16. Rd2 Rd7 17. Rad1 Rad8 18. Bf3 Nh5 19. Bxh5 gxh5 20. Rd3 Bxc3 21. Qxc3 Bxe4 22. Rg3+ Bg6 23. Qf6 Kf8 24. Qh8+ Ke7 25. Bg5+ f6 26. Bxf6+ Kf7 27. Qg7+ 1-0

[Event "Aragon-chT Preferente A"]
[Site "Aragon"]
[Date "2013.03.09"]
[Round "7.36"]
[White "Salas Latorre, Jose"]
[Black "Fuentes Espuna, Juan Antonio"]
[Result "0-1"]
[WhiteElo "1797"]
[BlackElo "1912"]
[PlyCount "132"]
[EventDate "2013.01.26"]
[EventType "team"]
[EventRounds "9"]
[EventCountry "ESP"]
[SourceTitle "EXT 2014"]
[Source "ChessBase"]
[SourceDate "2013.11.20"]
[SourceVersion "1"]
[SourceVersionDate "2013.11.20"]
[SourceQuality "1"]
[WhiteTeam "Jaime Casas II"]
[BlackTeam "La Aurora Estadilla II"]
[WhiteTeamCountry "ESP"]
[BlackTeamCountry "ESP"]

1. d4 c5 2. c3 b6 3. Nf3 Bb7 4. e3 e6 5. Bd3 Nf6 6. Nbd2 Nc6 7. 0-0 h6 8. Qe2 Be7 9. Ba6 Bxa6 10. Qxa6 Qc7 11. Qd3 d5 12. e4 cxd4 13. Nxd4 Nxd4 14. Qxd4 Bc5 15. Qa4+ Kf8 16. exd5 exd5 17. Nb3 Bd6 18. Qh4 Re8 19. Qh3 h5 20. f3 Kg8 21. Bd2 Bc5+ 22. Kh1 Ng4 23. Nxc5 bxc5 24. Qg3 Qxg3 25. hxg3 Re2 26. Bf4 Nf2+ 27. Kg1 Nd3 28. Rfd1 c4 29. Rd2 Re6 30. b3 h4 31. bxc4 dxc4 32. Rb1 Rh5 33. g4 Ra5 34. Bc7 Ra3 35. Rc2 Kh7 36. Bd8 f6 37. Kh2 g5 38. Rb7+ Kg6 39. Be7 Ra4 40. Bf8 f5 41. gxf5+ Kxf5 42. Rb5+ Kf4 43. Rd5 Ke3 44. Rxg5 Ne1 45. Bc5+ Kd3 46. Rc1 Kd2 47. Rb1 Kxc3 48. a3 Nd3 49. Bf8 Kc2 50. Rb7 c3 51. Rd5 Nf4 52. Rdd7 Re2 53. Bh6 Nxg2 54. Kh3 Rxa3 55. Rxa7 Rxa7 56. Rxa7 Ne3 57. Kxh4 Kd1 58. Bxe3 Rxe3 59. f4 c2 60. Rd7+ Ke2 61. Rc7 Kd2 62. Kg5 Rc3 63. Rxc3 Kxc3 64. f5 c1Q+ 65. Kg6 Qa3 66. Kg7 Qe7+ 0-1

[Event "Aragon-chT Preferente A"]
[Site "Aragon"]
[Date "2013.02.23"]
[Round "5.35"]
[White "Garcia Estruch, Jorge"]
[Black "Salas Latorre, Jose"]
[Result "1-0"]
[WhiteElo "1796"]
[BlackElo "1797"]
[PlyCount "87"]
[EventDate "2013.01.26"]
[EventType "team"]
[EventRounds "9"]
[EventCountry "ESP"]
[SourceTitle "EXT 2014"]
[Source "ChessBase"]
[SourceDate "2013.11.20"]
[SourceVersion "1"]
[SourceVersionDate "2013.11.20"]
[SourceQuality "1"]
[WhiteTeam "Sabinanigo"]
[BlackTeam "Jaime Casas II"]
[WhiteTeamCountry "ESP"]
[BlackTeamCountry "ESP"]

1. e4 c6 2. d4 d5 3. exd5 cxd5 4. c4 Nf6 5. Nc3 Nc6 6. Nf3 Be6 7. Ng5 Bg4 8. Qa4 h6 9. cxd5 Nxd5 10. Nxd5 hxg5 11. Bc4 e6 12. Ne3 Bb4+ 13. Kf1 Bh5 14. Bb5 Be7 15. Bxc6+ bxc6 16. Qxc6+ Kf8 17. Bd2 Qc8 18. Rc1 Qxc6 19. Rxc6 Ke8 20. Ba5 Bd8 21. Bc3 Kd7 22. Ra6 Bc7 23. f3 Bg6 24. Kf2 f6 25. d5 exd5 26. Nxd5 Bd6 27. Rd1 Bc5+ 28. Bd4 Bxd4+ 29. Rxd4 Kc8 30. Ne7+ Kb7 31. Rad6 Be8 32. Nf5 Rg8 33. Re4 Rc8 34. Rb4+ Ka8 35. Ne7 Bf7 36. Nxg8 Bxg8 37. Rbd4 Kb7 38. Rd8 Rc2+ 39. Rd2 Rxd2+ 40. Rxd2 Bxa2 41. Rd7+ Kb6 42. Rxg7 Bb1 43. Rd7 f5 44. Rg7 1-0

[Event "Zaragoza Casablanca op 6th"]
[Site "Zaragoza"]
[Date "2012.12.22"]
[Round "1"]
[White "Strikovic, Aleksa"]
[Black "Salas Latorre, Jose"]
[Result "1-0"]
[WhiteElo "2509"]
[BlackElo "1792"]
[PlyCount "41"]
[EventDate "2012.12.22"]
[EventType "swiss"]
[EventRounds "9"]
[EventCountry "ESP"]
[SourceTitle "CBM 152 Extra"]
[Source "ChessBase"]
[SourceDate "2013.02.25"]
[SourceVersion "1"]
[SourceVersionDate "2013.02.25"]
[SourceQuality "1"]

1. c4 e6 2. Nf3 d5 3. b3 Nf6 4. Bb2 Bd6 5. g3 Nbd7 6. Bg2 c6 7. d4 0-0 8. 0-0 Re8 9. Nbd2 dxc4 10. Nxc4 Bc7 11. Qc2 c5 12. dxc5 Nxc5 13. Rfd1 Ncd7 14. Rac1 Rb8 15. Nce5 Ba5 16. Ng5 g6 17. Ngxf7 Qe7 18. Nxd7 Nxd7 19. Nh6+ Kf8 20. Qe4 Bb6 21. Qf4+ 1-0

[Event "Aragon-chT Preferente B"]
[Site "Aragon"]
[Date "2012.02.25"]
[Round "4.64"]
[White "Salas Latorre, Jose"]
[Black "Gimeno Garcia, David"]
[Result "1-0"]
[WhiteElo "1783"]
[BlackElo "1948"]
[PlyCount "113"]
[EventDate "2012.02.04"]
[EventType "team"]
[EventRounds "9"]
[EventCountry "ESP"]
[SourceTitle "EXT 2014"]
[Source "ChessBase"]
[SourceDate "2013.11.20"]
[SourceVersion "1"]
[SourceVersionDate "2013.11.20"]
[SourceQuality "1"]
[WhiteTeam "Jaime Casas II"]
[BlackTeam "Olivar III"]
[WhiteTeamCountry "ESP"]
[BlackTeamCountry "ESP"]

1. d4 Nf6 2. Bg5 d6 3. Bxf6 gxf6 4. e3 e5 5. c4 Bg7 6. Nc3 Bf5 7. Bd3 Bg6 8. Nf3 0-0 9. 0-0 Nd7 10. Nh4 Nb6 11. Nf5 Nxc4 12. Qc2 Nb6 13. d5 Nd7 14. Rac1 Nc5 15. b4 Nxd3 16. Qxd3 Qd7 17. e4 a6 18. Rc2 Rfe8 19. Rfc1 Bxf5 20. exf5 e4 21. Qh3 Re5 22. g4 Rae8 23. Nd1 Rc8 24. Ne3 Ree8 25. Rc4 c6 26. R1c3 Rc7 27. Qf1 Rec8 28. Rxe4 Bh6 29. Qh3 Kg7 30. Kg2 cxd5 31. Rxc7 Rxc7 32. Rd4 Bxe3 33. Qxe3 Rc2 34. a3 Qc6 35. Rd3 d4+ 36. Qf3 Qxf3+ 37. Kxf3 Rc3 38. Ke4 Rxd3 39. Kxd3 Kh6 40. f4 Kg7 41. Kxd4 Kf8 42. h4 h6 43. Kd5 Ke7 44. g5 fxg5 45. fxg5 h5 46. a4 b6 47. Kc6 a5 48. b5 d5 49. Kxd5 Kd7 50. f6 Ke8 51. Kc6 Kd8 52. Kxb6 Kd7 53. Ka7 Ke6 54. b6 Kf5 55. b7 Kg4 56. b8Q Kxh4 57. Qf4+ 1-0

[Event "Aragon-chT Preferente-B"]
[Site "Spain"]
[Date "2011.04.02"]
[Round "9.4"]
[White "Salas Latorre, Jose"]
[Black "Correas Marcen, Jose Maria"]
[Result "1/2-1/2"]
[WhiteElo "1745"]
[BlackElo "1972"]
[PlyCount "93"]
[EventDate "2011.02.05"]
[EventType "team-tourn"]
[EventRounds "9"]
[EventCountry "ESP"]
[SourceTitle "EXT 2013"]
[Source "ChessBase"]
[SourceDate "2012.11.22"]
[SourceVersion "1"]
[SourceVersionDate "2012.11.22"]
[SourceQuality "1"]
[WhiteTeam "Jaime Casas II"]
[BlackTeam "Olivar III"]
[WhiteTeamCountry "ESP"]
[BlackTeamCountry "ESP"]

1. d4 Nf6 2. Bg5 e6 3. e4 Be7 4. Bd3 b6 5. Nf3 Ba6 6. 0-0 Bxd3 7. Qxd3 d5 8. exd5 Nxd5 9. Bd2 0-0 10. Qe4 Nd7 11. Nc3 N7f6 12. Qe2 c5 13. dxc5 Bxc5 14. Nxd5 exd5 15. Bg5 h6 16. Bh4 g5 17. Bg3 Ne4 18. Qd3 Nxg3 19. hxg3 Qd6 20. Kh1 Rad8 21. c3 f5 22. b4 Bxf2 23. Rxf2 Qxg3 24. Re2 g4 25. Ne5 Qh4+ 26. Kg1 Rf6 27. g3 Qg5 28. Rf1 Rdd6 29. Qe3 Qxe3+ 30. Rxe3 d4 31. cxd4 Rxd4 32. a3 h5 33. Nd3 h4 34. gxh4 f4 35. Nb2 fxe3 36. Rxf6 Rd2 37. Re6 Rxb2 38. Rxe3 Ra2 39. Rc3 a5 40. bxa5 bxa5 41. Rg3 Kh7 42. Rxg4 Rxa3 43. Rc4 Ra1+ 44. Kg2 a4 45. Rc6 a3 46. Ra6 a2 47. Kh2 1/2-1/2

[Event "Aragon-chT Preferente-B"]
[Site "Spain"]
[Date "2011.02.26"]
[Round "4.4"]
[White "Salas Latorre, Jose"]
[Black "Perez Puyal, Jose Joaquin"]
[Result "0-1"]
[WhiteElo "1745"]
[BlackElo "1961"]
[PlyCount "116"]
[EventDate "2011.02.05"]
[EventType "team-tourn"]
[EventRounds "9"]
[EventCountry "ESP"]
[SourceTitle "EXT 2013"]
[Source "ChessBase"]
[SourceDate "2012.11.22"]
[SourceVersion "1"]
[SourceVersionDate "2012.11.22"]
[SourceQuality "1"]
[WhiteTeam "Jaime Casas II"]
[BlackTeam "Casino Jaque"]
[WhiteTeamCountry "ESP"]
[BlackTeamCountry "ESP"]

1. d4 d5 2. Bg5 Nd7 3. Nf3 Ngf6 4. e3 Ne4 5. Bf4 e6 6. Bd3 Bd6 7. Bxd6 Nxd6 8. Nbd2 c5 9. c3 Qb6 10. Rb1 c4 11. Bc2 Qa5 12. a3 Nf6 13. Ne5 Qc7 14. 0-0 Bd7 15. Re1 0-0 16. f3 b5 17. Nxd7 Nxd7 18. e4 dxe4 19. fxe4 e5 20. Nf3 Rfe8 21. Qd2 Rad8 22. Rbd1 Qb6 23. Kh1 f6 24. Re2 Nf7 25. Qe1 Nf8 26. Qg3 Ng6 27. Red2 a5 28. Nh4 Nxh4 29. Qxh4 Qc7 30. Qg3 Qe7 31. Re2 Nh8 32. Qg4 Ng6 33. Re3 Qe6 34. Qxe6+ Rxe6 35. d5 Rb6 36. g3 Ne7 37. Kg2 Nc8 38. Kf3 Nd6 39. Rb1 Rdb8 40. Bd1 b4 41. axb4 axb4 42. cxb4 Rxb4 43. b3 Nb5 44. Kg2 Nd4 45. Rc1 cxb3 46. Rb1 b2 47. Rd3 Rc8 48. Ra3 Rc1 49. Ra8+ Kf7 50. Bh5+ g6 51. Ra7+ Kg8 52. d6 Rxb1 53. d7 Rb8 54. Rb7 Rd8 55. Bg4 h5 56. Bh3 g5 57. Bf5 Nxf5 58. exf5 Kf7 0-1

[Event "Aragon-chT Preferente-B"]
[Site "Spain"]
[Date "2011.02.12"]
[Round "2.4"]
[White "Salas Latorre, Jose"]
[Black "Minguez Guinda, Andres"]
[Result "1/2-1/2"]
[WhiteElo "1745"]
[BlackElo "1896"]
[PlyCount "50"]
[EventDate "2011.02.05"]
[EventType "team-tourn"]
[EventRounds "9"]
[EventCountry "ESP"]
[SourceTitle "EXT 2013"]
[Source "ChessBase"]
[SourceDate "2012.11.22"]
[SourceVersion "1"]
[SourceVersionDate "2012.11.22"]
[SourceQuality "1"]
[WhiteTeam "Jaime Casas II"]
[BlackTeam "Caissa II"]
[WhiteTeamCountry "ESP"]
[BlackTeamCountry "ESP"]

1. d4 d5 2. Bg5 g6 3. Nf3 Bg7 4. e3 Nf6 5. Be2 0-0 6. 0-0 Nbd7 7. c4 c6 8. Nc3 b6 9. Rc1 Bb7 10. cxd5 cxd5 11. Qa4 a6 12. a3 b5 13. Qb3 Ra7 14. Bf4 Qa8 15. Ne5 Nxe5 16. Bxe5 Nd7 17. Bxg7 Kxg7 18. Bf3 e6 19. a4 bxa4 20. Nxa4 Bc6 21. Nc5 Bb5 22. Rfe1 Rc8 23. Nxd7 Rxd7 24. Rc3 Rdc7 25. Rec1 Rxc3 1/2-1/2

[Event "Aragon-chT Preferente-B"]
[Site "Spain"]
[Date "2011.02.05"]
[Round "1.2"]
[White "Salas Latorre, Jose"]
[Black "Jario Garcia, Ricardo Javier"]
[Result "1/2-1/2"]
[WhiteElo "1745"]
[BlackElo "2130"]
[PlyCount "74"]
[EventDate "2011.02.05"]
[EventType "team-tourn"]
[EventRounds "9"]
[EventCountry "ESP"]
[SourceTitle "EXT 2013"]
[Source "ChessBase"]
[SourceDate "2012.11.22"]
[SourceVersion "1"]
[SourceVersionDate "2012.11.22"]
[SourceQuality "1"]
[WhiteTeam "Jaime Casas II"]
[BlackTeam "Marcos Frechin"]
[WhiteTeamCountry "ESP"]
[BlackTeamCountry "ESP"]

1. d4 d5 2. Bg5 Nf6 3. Bxf6 gxf6 4. e3 e6 5. g3 c5 6. c3 Qb6 7. Qc2 Bd7 8. Nd2 cxd4 9. exd4 Nc6 10. Ne2 Rc8 11. Qb3 Qc7 12. Bg2 Na5 13. Qd1 Qb6 14. Rb1 Bb5 15. Nc1 Nc4 16. Nxc4 Bxc4 17. Qa4+ Kd8 18. Nb3 Bb5 19. Qa5 Qxa5 20. Nxa5 b6 21. Nb3 a5 22. Bf1 Bxf1 23. Rxf1 a4 24. Nc1 a3 25. Kd2 axb2 26. Rxb2 Kc7 27. Nd3 Ra8 28. Rfb1 Ra6 29. Ke3 Bh6+ 30. f4 Rha8 31. a4 R8a7 32. Rb5 Bf8 33. R1b3 Rb7 34. Nb2 Bd6 35. Kd3 Kc6 36. c4 dxc4+ 37. Kxc4 f5 1/2-1/2